Random Fill in the Blank - Statistics

General Stats
  • This quiz has been taken 19 times
  • The average score is 81 of 100
Answer Stats
Hint Extra Hint Answer % Correct
Sleeping ______ A story about a princess that pricks her finger on a spinning wheel and ends up being asleep until a prince comes and wakes her up with a kiss Beauty
100%
Cup______ A desert that is made like a cake but it has a dome shaped top after it is baked in an oven cake
100%
_____ Dion The canadian singer that's known for her voice and singing the songs My Heart will Go on and The Prayer Celine
100%
______ Shepard A dog breed that is known to work with law enforcement German
100%
Hansel & _______ A story about two siblings going into forest leaving a breadcrumb trail and ending up inside a gingerbread house that's owned by a witch Gretl
100%
There's no place like ______ The words that Dorothy says in the 1939 Wizard of OZ movie while clicking the heels of the ruby slippers 3 times home
100%
Robin ______ A legendary heroic man that was known to live in Sherwood forest and stole from those who stole from the poor and gave what he took to the rightful owners Hood
100%
Tom & _______ A cartoon featuring a cat and a mouse trying to outsmart each other Jerry
100%
Bon___ Hello in French jour
100%
______ Tunes A cartoon that feature characters like Bugs Bunny and Daffy Duck and Tweety bird and Elmer Fudd Looney
100%
The Little _______ A story about a mermaid that wants to be human because she is interested in the human world and admires a human prince and wants to meet him and marry him Mermaid
100%
The ____cracker A Tchaikovsky ballet that is Christmas related and features mice and a type Christmas decoration in it Nut
100%
The Wizard ____ _____ A 1939 movie about a girl from Kansas ending up having her in her house end up in a tornado that brings her to a magical fantasy land that has witches and scarecrows and tin men and lions, and is based on a 1900 book by L. Frank Baum of OZ
100%
The _____ Sea The sea that Moses parted Red
100%
______ and Juliet A story by Shakespeare about two star crossed lovers Romeo
100%
Snow White and the _____ Dwarfs The first full length animated movie made by Disney Seven
100%
_____bucks Famous coffee restaurant cafe that also sells sweet treats and blended drinks called frappucino Star
100%
Vincent ____ ______ A famous Dutch artist that is known for the painting Starry Night Van Gogh
100%
Louis ______ The brand that has an iconic monogram that its known for and is known for the Speedy and Alma Vuitton
100%
_______ Disney The first name of the person that created Disney Walt
100%
The ______ Witch of the _______ The sister of the Wicked Witch of the East, and is the witch that Dorothy melts with water Wicked, West
100%
Michael______ A famous artist that painted the Sistine Chapel ceiling angelo
94%
The _________ A reality show where a single man or a single woman try to find love and have about 30 single people to talk to and get to know during the season, in hopes of finding love and getting engaged at the end of the season Bachelor / Bachelorette
94%
Beauty and the ______ A girl falls in love with a beast and the beast turns back into a prince Beast
94%
Ludwig Van ______ Famous German composer that was deaf Beethoven
94%
Bath & ________ _______ Name of a famous american body wash and home fragarence and body spray store / company / brand Body Works
94%
Big ______ A reality competition show where a random group of people are in a secluded house and they compete in competitions and try to avoid being evicted and forming connections is important in this reality competition show and the house guests want to stay in that house for the whole season and win money if they make it to finale night and win the last competitions and get voted to win the season by the last 9 evicted house guests Brothers
94%
Comme ci, comme _____ So-So in French ça
94%
_______ Dickens The creator of the stories of Oliver Twist and A Christmas Carol Charles
94%
Ice _______ A sweet treat that is cold and comes in many flavors and can be put in a cone or a bowl or a cup and tends to be eaten in the summer time Cream
94%
The ________ A cartoon based in a prehistoric type of setting features a guy named Fred Flintstones
94%
Wheel of _________ A game show where you spin a wheel and guess letters to form a word or a phrase Fortune
94%
Siberian _____ An arctic dog breed that is can have dark eyes or light eyes or heterochromia; eyes are different colors Husky
94%
_____ _____ Un Famous current dictator from North Korea Kim Jung
94%
________ Da ____ A famous Renaissance artist that's also an inventor Leonardo, Vinci
94%
The Three ______ ______ A story about 3 pigs that build houses from different materials and a wolf blows the houses down that aren't made of brick Little Pigs
94%
Barack & Michelle _______ The first african american president and first lady Obama
94%
_________ _____ the rainbow The first line in the first song that is sung in the 1939 Wizard of OZ movie Somewhere over
94%
_______ Harvey The current host of Family Feud Steve
94%
The Sword in the _____ King Arthur pulls this out and becomes King Arthur after pulling it out Stone
94%
_______'s Secret Name of a famous american lingerie brand / company that had their models called angels Victoria
94%
George _______ Famous US president that's the first president Washington
94%
Dancing _____ the ______ A reality competition show where celebrities compete in ballroom dancing competitions and get judged by celebrity dance judges in hopes of winning the season and getting the mirror ball trophy with, Stars
94%
______ & Gabbana An Italian brand that has a bag called the Sicily bag Dolce
89%
_____ Khan Famous leader of the Mongols Ghengis
89%
Brothers ________ German brothers that created many of the famous and well known fairy tales in existence Grimm
89%
_______ Antoinette Famous French queen during the French Revolution that's married to Louis the 16th Marie
89%
_____ Lake A Tchaikovsky ballet that is about a beautiful bird species that has a curved neck Swan
89%
________ Amadeus Mozart Famous Austrian composer that wrote the Queen of the Night Aria for the opera The Magic Flute Wolfgang
89%
Julie ________ The actress that starred in The Sound of Music movie and Disney's Mary Poppins movie and provided the singing voices for the characters that she played in those movie Andrews
83%
Merci ________ Thank you very much in French Beaucoup
83%
Roman ______ The most well known branch of the Catholic religion Catholic
83%
Hans _______ ________ The Danish creator of the original Little Mermaid story and the story of The Ugly Duckling Christian Andersen
83%
Vatican ______ Where the pope lives City
83%
Van _____ & _______ Famous jewelry brand maker that has a jewelry line of jewelry shaped like clovers and this jewelry line is all over social media and is very popular with new / entrepreneurial money rich Cleef, Arpels
83%
Christian _____ The brand that is known for the saddle bag and the book tote Dior
83%
______ Angel An angel that is said to be assigned to people starting at conception and never leaves their assigned person during the person's life and this angel is said to guide and protect their assigned person Guardian
83%
The ________ A classic cartoon featuring a futuristic family with a robot maid Jetsons
83%
Eastern ______ The other branch of the Catholic religion Orthodox
83%
_____ Seacrest The current host of Wheel of Fortune and is the host of American Idol Ryan
83%
_____ Bear A cartoon where a bear in a park likes to try to take picnic baskets Yogi
83%
Saks ____ ________ Famous luxury department store in America that has a number in its name 5th Avenue
78%
Ich _____ I am in German bin
78%
HRH _________, Princess of Wales The wife of Prince William Catherine
78%
Pembroke Welsh _______ A dog breed that the late Queen Elizabeth the second liked and owned Corgi
78%
Judy ______ The actress that played Dorothy in the 1939 Wizard of OZ movie Garland
78%
Mary ________ A disney film that is based on a book by PL Travers and the film shares the same name as the book that its based on Poppins
78%
The _______ Lands The name of the kingdom that is in the movie and play The Lion King Pride
78%
The ______ of the ______ An aria for the opera The Magic Flute that is written by Wolfgang Amadeus Mozart Queen, Night
78%
_______ Laurent A French brand that used to have Yves in front of its name and its known for its Sac de Jour bag and Manhatten bag Saint
78%
Gene _______ The actor for Willy Wonka in the Willy Wonka and the Chocolate Factory movie from 1971 and sings the song Pure Imagination in that movie Wilder
78%
Steamboat _____ First film with synchronized sound Willie
78%
______ Menzel The voice actress and singer for Elsa from the Disney Frozen Movies and played Elphaba in the original Wicked musical play Idina
72%
Glinda the Good Witch of the _____ The direction name that Glinda from the 1939 Wizard of OZ movie is associated with and it starts with the letter "N" North
72%
Ruby ______ The name of the slippers that Glinda gives Dorothy in the 1939 Wizard of OZ movie, and are the shoes that used to belong to the Wicked Witch of the East Slippers
72%
______ Trebek The original host of Jeopardy Alex
67%
_____ Veneta An Italian brand that is known for its weave texture for its bags Bottega
67%
Richard ______ The first host of Family Feud Dawson
67%
______ Carey The host of the game show The Price is Right Drew
67%
St. ________ the Archangel The angel that is the leader of the heavenly army and is pictured with a sword Michael
67%
The second star to the ______ Where Neverland is located in Disney's animated Peter Pan movie right
67%
Song of the _____ The title of one of Disney's controversial movies South
67%
Pyotr Ilyich ______ Famous composer that wrote the music for The Nutcracker and Swan Lake Tchaikovsky
67%
_________ Hamilton The actress that played The Wicked Witch of the West and Ms. Almira Gulch in the 1939 Wizard of OZ movie Margaret
61%
______ Sajak The original host of Wheel of Fortune Pat
61%
Long______ A french bag brand that is known for their foldable pliage tote bag line champ
56%
St. _______ the Archangel The angel that told Mary that she will be the mom to the son of God Gabriel
56%
Ken _______ The current host of Jeopardy Jennings
56%
______ Salonga The singing voice for Mulan in Disney's animated movie Mulan and Disney's animated movie Mulan 2 and Jasmine in Disney's animated movie Aladdin Lea
56%
Bob _____ The original host of The Price is Right Barker
50%
______ Terrier The dog breed that Toto from the 1939 Wizard of OZ movie is Cairn
50%
Ein____ Unicorn in German horn
50%
Kein ________ No problem in German Problem
50%
Jodi ______ The voice actress and singer for Ariel from Disney's animated movie The Little Mermaid Benson
44%
Julie _____ Moonves The host of Big Brothers Chen
44%
The Wicked Witch of the _______ The witch that Dorothy's house lands on when Dorothy arrives in the land of OZ East
44%
______ Burke The actress that played Glinda the Good Witch of the North in the 1939 Wizard of OZ movie Billie
39%
_______ McBoing-Boing A cartoon about a boy that can only make unusual sound effects instead of speaking actual words Gerald
33%
Alaskan _____ Kai A dog breed that looks like a miniature Siberian Husky Klee
22%
Faure le _____ A brand that started in the 1700's as a supplier of weapons before switching to leather goods and leather accessories Page
22%
No matching quizzes found
Score Distribution
Percent of People with Each Score
Percentile by Number Answered
Your Score History
You have not taken this quiz